000 01250nam a2200313 4500
001 0000013803
003 CO-CtgCURN
005 20250329191001.0
007 ta
008 160627s2002 000 0 eng d
020 _a8448603303
040 _aCO-CtgCURN
_bspa
_ccoctgcurn
082 0 _a636.2
_bH42z
100 1 _aHickman, Cleveland P.
245 1 0 _aPrincipios Integrales de Zoología /
_cCleveland P. Hickman , Larry S. Roberts, Allan Larson.
250 _a11a ed.
260 _aMadrid :
_bMcGraw-Hill,
_c2002.
300 _a893 p.
336 _2rdacontent
337 _2rdamedia
_asin mediacion
_bn
338 _2rdacarrier
_avolumen
_bnc
500 _aIncluye indice y glosario.
505 8 _aIntroducción a la vida animal.--Continuidad y evolucion de la vida animal.--La diversidad de la vida animal.--Actividad vital.--El animal y su entorno.--La celula como unidad de la vida.--Metabolismo celular.--Los principios de la genetica.--Evolucion organica.--El proceso reproductor.--El origen y la química de la vida
650 1 4 _aInseminacion artificial humana.
700 1 _aLarson, Allan.
908 _a160627
942 _cBK
_h636.2
_iH42z
_2ddc
999 _c10239
_d10239